000 00701nam a2200205Ia 4500
003 GCL
005 20240530095624.0
008 140319s9999 xx 000 0 ara d
020 _a034950857
040 _aGCL /
_cGCL
082 0 4 _a327.62051
_bق/م ص
245 1 0 _aالصين - مصر
260 _aالصين :
_bمكتب الاعلام التابع لمجلس الدولة ،
_c2003
300 _a154 ص ؛
_c25 سم
650 0 4 _aمصر - الاحوال الثقافية
650 0 4 _aالصين - الاحوال الثقافية
650 0 4 _aالصين - العلاقات الخارجية - مصر
650 0 4 _aمصر - العلاقات الخارجية - الصين
942 _2ddc
_cBK
999 _c8914
_d8914